| 000 | 00769nam a22002297a 4500 | ||
|---|---|---|---|
| 999 |
_c22572 _d22572 |
||
| 003 | AR-CdUCM | ||
| 008 | 190423b ||||| |||| 00| 0 spa d | ||
| 020 | _a9786124781957 | ||
| 040 |
_aMUNICIPALIDAD PROVINCIAL DEL CUSCO _cBIBLIOTECA MUNICIPAL DEL CUSCO |
||
| 082 |
_aPI/468.6/P10 _bP10 |
||
| 245 |
_aPlin Plin / _ctexto e ilustraciones, Motoneta |
||
| 260 |
_aLima : _bPolifonía, _c2019. |
||
| 300 |
_a20 páginas sin numerar : _bilustraciones en color ; _c16 x 16 cm. |
||
| 650 |
_aEstimulación temprana _948540 |
||
| 650 |
_aEducación _9460 |
||
| 650 |
_aEmociones en niños _933914 |
||
| 650 |
_aPsicología del niño _95112 |
||
| 650 |
_aPsicología del aprendizaje _930775 |
||
| 700 |
_aMotoneta _eilustrador _948542 |
||
| 942 |
_2ddc _cLIBROS |
||
| 945 | _arac | ||